ప్రధానాహారాలు - Statistics

General Stats
  • This quiz has been taken 0 times
  • The average score is 0 of 10
Answer Stats
% ప్రధానాహారాలు % Correct
౧౯.౫% మొక్కజొన్న
0%
౧౬.౫% వరి
0%
౧౫.౦% గోధుమ
0%
౨.౬% కర్ర పెండలం
0%
౨.౧% సోయా
0%
౧.౭% బంగాళాదుంప
0%
౧.౨% జొన్న
0%
౦.౬% చిలగడదుంప
0%
౦.౪% పెండలం
0%
౦.౩% కదళి
0%
No matching quizzes found
Score Distribution
Percent of People with Each Score
Percentile by Number Answered
Your Score History
You have not taken this quiz